[Event "RUS-chT Premier 2019"]
[Site "Sochi"]
[Date "2019.05.05"]
[Round "5.12"]
[White "Ivanov, Sergey"]
[Black "Nozdrachev, Leonid"]
[Result "0-1"]
[WhiteElo "2504"]
[BlackElo "2367"]
[Annotator "TA"]
[PlyCount "90"]
[EventDate "2019.05.01"]
[EventType "team-tourn"]
[EventCountry "RUS"]
[SourceTitle "playchess.com"]
[Source "ChessBase"]
[SourceQuality "1"]

{[%evp 17,90,10,15,21,33,5,4,0,0,-9,-12,-13,14,0,0,0,0,0,0,-8,0,0,0,-45,-38,-39,-46,-49,-39,-32,-41,-36,0,0,0,0,0,0,0,0,0,-9,-20,-35,-15,-19,-13,-13,-10,-9,0,-210,-219,-196,-165,-169,-116,-131,-122,-29991,-1948,-1677,-1661,-1654,-1654,-1147,-914,-887,-872,-782,-740,-656,-629,-29987,-29987]} 1. d4 Nf6 2. c4 e6 3. Nf3 d5 4. Nc3 c5 5. cxd5 Nxd5 6. e3 Nxc3 7. bxc3 Be7 8. Bd3 Nc6 9. O-O O-O 10. Qe2 {D42: Queen's Gambit Declined: Semi-Tarrasch: 5 cxd5 Nxd5 6 e3 Nc6 7 Bd3} b6 11. Bb2 Bb7 12. Rad1 {The position is equal.} cxd4 $146 ({Predecessor:} 12... Qc7 13. Rfe1 Rac8 14. a3 Rfd8 15. h3 c4 16. Bb1 b5 17. Nd2 e5 {1-0 (41) Mirzoev,A (2544)-Javakhadze,Z (2457) Izmir 2013}) 13. exd4 Rc8 14. Rfe1 Bf6 15. Qe4 {[%csl Gd3][%cal Re4h7]} g6 16. Qf4 Na5 17. Ne5 Bd5 18. Ba3 Bg5 19. Qg4 Be7 $1 {[%cal Re7a3]} 20. Bb4 Bxb4 21. cxb4 Nc6 22. Ba6 Rc7 23. a3 Nxe5 24. dxe5 Rc3 25. Bb7 Rxa3 26. Bxd5 exd5 27. e6 {e7 is the strong threat.} Qe7 28. Rxd5 fxe6 29. f3 Ra1 30. Rde5 Rxe1+ 31. Rxe1 $15 {[%mdl 4096] Endgame KQR-KQR} Rf5 32. Qc4 Kf7 33. Rd1 a5 34. Qc8 $2 (34. g4 $1 $11 {and White is okay.} Rd5 35. Rxd5 exd5 36. Qxd5+ {[%mdl 64] Double Attack} Qe6 37. Qb7+ Kf6 38. bxa5 bxa5 39. Qxh7) 34... Rd5 $19 35. Rc1 {Strongly threatening Rc7.} Rd8 $36 {[%mdl 2048] Black is on the roll.} ({Don't blunder} 35... axb4 $2 36. Rc7 $18) 36. Qc3 axb4 (36... Qxb4 $19 37. Qc7+ Ke8) 37. Qe5 $17 b3 38. Rc6 $2 {[%mdl 8192]} (38. Qf4+ $17 Kg7 39. Qe3) 38... b2 (38... Rd1+ $142 39. Qe1 Rxe1+ 40. Kf2 {[#]} b2 $1 {[%mdl 512]} 41. Rc4 Qd6 $1 {[%mdl 512]} 42. Rh4 b1=Q 43. Rxh7+ Kg8 44. Rg7+ Kxg7 45. h4 Qc2+ 46. Kxe1 Qdd1#) 39. Qxb2 $19 Rd1+ 40. Kf2 Qh4+ {[%mdl 64] Double Attack} 41. Ke3 Re1+ 42. Kd3 Qd8+ 43. Kc3 Qh8+ (43... Rd1 $2 44. Kb4 $19) 44. Kb3 Re3+ 45. Ka2 Qa8+ {[%mdl 64] Double Attack. Accuracy: White = 46%, Black = 60%.} 0-1

[Event "RUS-chT Premier 2019"]
[Site "Sochi"]
[Date "2019.05.05"]
[Round "5.13"]
[White "Artemiev, Vladislav"]
[Black "Chigaev, Maksim"]
[Result "1/2-1/2"]
[WhiteElo "2754"]
[BlackElo "2637"]
[Annotator "TA"]
[PlyCount "101"]
[EventDate "2019.05.01"]
[EventType "team-tourn"]
[EventCountry "RUS"]
[SourceTitle "playchess.com"]
[Source "ChessBase"]
[SourceQuality "1"]

{[%evp 18,101,0,-4,0,-6,-4,0,32,-52,-10,-11,0,-29,-14,-41,-35,-64,-28,-25,-18,-18,0,-5,6,0,0,0,31,20,13,0,0,-28,-19,-27,-39,-45,0,-10,25,0,0,0,0,0,0,0,0,0,0,0,0,0,-2,-7,0,0,0,0,0,0,0,0,0,0,0,-12,0,0,0,0,0,0,0,0,0,0,0,0,0,0,0,0,0,0]} 1. e4 e5 2. Nc3 Nf6 3. g3 d5 4. exd5 Nxd5 5. Bg2 Nxc3 6. bxc3 Bd6 7. Nf3 O-O 8. O-O Nc6 {[%cal Bb8c6,Bc6e7,Be7g6,Bg6f8,Bf8d7,Bd7c5][%mdl 32]} 9. Rb1 Rb8 10. d4 h6 {C47: Scotch Four Knights and Four Knights with 4 g3} 11. Re1 Re8 (11... Qf6 12. Be3 b6 13. Nd2 Na5 14. Ne4 Qg6 15. f4 exf4 16. Nxd6 cxd6 17. Bxf4 Bf5 18. Qe2 Bxc2 {½-½ (67) Ponomariov,R (2712)-Ding,L (2766) Huaian 2016}) 12. Nd2 {Strongly threatening Bxc6.} Bf5 $146 {[#]} ({Predecessor:} 12... Bd7 13. Nc4 Qf6 14. Be3 exd4 15. cxd4 b5 16. Nxd6 cxd6 17. Qd2 a6 18. f4 {0-1 (76) Bazantova,M (2352)-Sukhareva,M ICCF email 2011}) 13. d5 (13. Rxb7 $1 $14 {[%mdl 512]} Rxb7 14. Bxc6) 13... Ne7 14. c4 b6 15. Bb2 Ng6 16. h4 Nf8 17. Nf1 Nd7 18. Ne3 Bh7 19. Bh3 $1 Nc5 20. Bf5 Qf6 21. Qg4 Bxf5 22. Nxf5 Kh7 23. h5 Qg5 24. Qxg5 hxg5 25. Kg2 f6 26. Bc1 Nb7 27. g4 Bc5 28. Be3 Nd6 (28... Bf8 {seems wilder.} 29. Bd2 Red8 30. Bb4 Bxb4 31. Rxb4 Nd6) 29. Nxd6 (29. Bxc5 {looks sharper.} bxc5 30. Rb3 Nxc4 31. Rc3 Nd6 32. Rxc5 Nxf5 33. gxf5 Re7 34. Kg3) 29... cxd6 {The position is equal.} 30. Bxc5 $1 bxc5 $11 {[%mdl 4096] Endgame KRR-KRR} 31. Rb5 a6 32. Rb3 Rb4 33. Rxb4 cxb4 {KR-KR} 34. Rb1 a5 {[#] And now ...Rc8 would win.} 35. c3 bxc3 {...Rc8 is the strong threat.} 36. Rc1 Rc8 37. Rxc3 g6 38. hxg6+ Kxg6 39. Kf3 f5 40. gxf5+ Kxf5 41. Ke3 g4 42. a4 Rg8 {Hoping for ...g3.} 43. c5 g3 44. fxg3 Rxg3+ 45. Kd2 Rxc3 46. Kxc3 dxc5 {K3P-KPP} 47. Kc4 e4 48. d6 {White wants to mate with d7.} Ke6 49. Kxc5 {Kc6 would kill now.} Kd7 {( -> ...e3)} (49... e3 $5 50. Kc6 $8 e2 $11) 50. Kd4 Kxd6 51. Kxe4 {Accuracy: White = 60%, Black = 60%.} 1/2-1/2

[Event "RUS-chT Premier 2019"]
[Site "Sochi"]
[Date "2019.05.05"]
[Round "5.14"]
[White "Paravyan, David"]
[Black "Kamsky, Gata"]
[Result "0-1"]
[WhiteElo "2610"]
[BlackElo "2664"]
[Annotator "TA"]
[PlyCount "88"]
[EventDate "2019.05.01"]
[EventType "team-tourn"]
[EventCountry "RUS"]
[SourceTitle "playchess.com"]
[Source "ChessBase"]
[SourceQuality "1"]

{[%evp 9,88,12,24,24,32,29,29,22,29,13,82,79,93,90,82,70,85,81,64,81,75,81,84,50,45,43,30,0,17,0,84,93,78,72,120,120,141,146,140,36,27,43,46,0,84,74,60,0,0,0,55,0,3,0,0,0,0,0,156,187,337,368,334,307,307,0,122,137,122,0,0,-285,-266,-511,-519,-681,-680,-670,-666,-603,-592]} 1. e4 e5 2. Nf3 Nc6 3. Bc4 Bc5 4. d3 Nf6 5. a4 a5 6. Bg5 {C50: Hungarian Defence and Giuoco Pianissimo} h6 7. Bh4 d6 8. c3 {White has an edge.} g5 9. Bg3 Nh5 $146 (9... Be6 $11) ({Predecessor:} 9... Ba7 10. Na3 Be6 11. Bxe6 fxe6 12. Nb5 Bb6 {1-0 (31) Eljanov,P (2720)-Schroeder,J (2552) Germany 2018}) 10. Nxe5 $1 $16 Nxg3 11. Bxf7+ Kf8 12. Ng6+ {[%mdl 64] Double Attack} Kxf7 13. Nxh8+ Qxh8 14. hxg3 Qf6 {[%csl Gc5][%cal Rf6f2]} 15. d4 Ba7 16. Na3 Kg7 17. Qd2 Bd7 18. O-O Re8 19. Rae1 h5 (19... Qg6 $11) 20. Nc4 g4 21. Ne3 Rxe4 22. Nd5 $1 {[%csl LRc7,LRe4,LRf6][%mdl 64] Double Attack} Qf5 23. Rxe4 (23. Nxc7 $6 Rxe1 24. Rxe1 Bb8 $16) 23... Qxe4 24. Qg5+ (24. Nxc7 $16 Kg6 25. Re1) 24... Qg6 $14 25. Qh4 Qf5 26. Nf4 {[%mdl 1024] White has compensation.} Be8 (26... Kh6 $1 $11 {keeps the balance.}) 27. d5 $16 Ne5 28. Ne6+ ({White should try} 28. Qd8 $1 $14 Qf7 29. b4 (29. Ne6+ Kg6 $16) 29... axb4 30. cxb4) 28... Kg6 $11 29. Qd8 Qf7 (29... Bf7 $11) 30. Nxc7 (30. Kh1 $14) 30... Bxa4 31. Ne6 $36 {[%mdl 2048] Black is under pressure.} Bb5 32. Nf4+ Kh7 33. Ra1 Nd3 $2 (33... a4 $11) 34. Ne6 $1 $16 {[%cal Re6g5] Hoping for Ng5+.} Bxf2+ (34... Kg6 $142) 35. Kh2 $18 {Strongly threatening Ng5+.} Kh6 36. Qg5+ $1 (36. Rxa5 Bxg3+ $1 {[%mdl 512]} 37. Kxg3 Qf2+ 38. Kh2 g3+ 39. Kh3 Qf5+ 40. Kxg3 Qe5+ 41. Kf3 Ne1+ 42. Kf2 Qe2+ 43. Kg3 Qxg2+ 44. Kh4 Qh2#) (36. Qxd6 h4 $17) 36... Kh7 37. Qd8 $2 (37. Rxa5 $18 {And now Ra8 would win.} Be8 38. Ra8) 37... Kh6 $1 $16 {[#]} (37... Be3 $2 38. Rf1 $1 $18 {[%mdl 512]}) 38. Rf1 $1 (38. Rxa5 {[#] gets mated.} Bxg3+ $1 {[%mdl 512]} 39. Kxg3 Qf2+ 40. Kh2 g3+ 41. Kh3 Qf5+ 42. Kxg3 Qe5+ 43. Kf3 Ne1+ 44. Kf2 Qe2+ 45. Kg3 Qxg2+ {[%mdl 64] Double Attack} 46. Kh4 Qh2#) ({Stronger than} 38. Qxd6 h4 $17) 38... Be8 39. Qg5+ (39. Nf4 $1 $16 Kh7 40. Nxd3 Bxg3+ 41. Kxg3 (41. Kg1 Bh2+ 42. Kxh2 Qxf1 $11) 41... Qxf1 42. Qe7+ {[%mdl 64] Double Attack} Bf7 43. Nf4) 39... Kh7 $11 40. Nf4 $2 {[%mdl 8192]} (40. Rxf2 $11 {and White stays safe.} Nxf2 41. Nd8) 40... Be3 $19 41. Qd8 $2 (41. b3) 41... Nxf4 {Black is clearly winning.} 42. gxf4 Bb5 43. Re1 {g3 is the strong threat.} Bxf4+ 44. Kg1 {aiming for Re7!} Be5 {Accuracy: White = 57%, Black = 60%.} 0-1

[Event "RUS-chT Premier 2019"]
[Site "Sochi"]
[Date "2019.05.05"]
[Round "5.15"]
[White "Timofeev, Artyom"]
[Black "Esipenko, Andrey"]
[Result "1/2-1/2"]
[WhiteElo "2602"]
[BlackElo "2620"]
[Annotator "RC"]
[PlyCount "81"]
[EventDate "2019.05.01"]
[EventType "team-tourn"]
[EventCountry "RUS"]
[SourceTitle "playchess.com"]
[Source "ChessBase"]
[SourceQuality "1"]
[TimeControl "40/5400+30:1800+30"]

1. e4 {[%emt 0:00:00]} e5 {[%emt 0:00:00]} 2. Nf3 {[%emt 0:00:00]} Nc6 {[%emt 0:00:20]} 3. Nc3 {[%emt 0:00:25]} Nf6 {[%emt 0:00:36]} 4. Bb5 {[%emt 0:01:56]} Bd6 {[%emt 0:04:03]} 5. a3 {[%emt 0:11:14]} O-O {[%emt 0:01:15]} 6. O-O {[%emt 0:00:24]} a6 {[%emt 0:01:13]} 7. Bc4 {[%emt 0:00:08]} Bc5 {[%emt 0:00:36]} 8. d3 {[%emt 0:01:03]} d6 {[%emt 0:01:59]} 9. h3 {[%emt 0:01:42]} h6 {[%emt 0:00:56]} 10. Re1 {[%emt 0:01:09]} Re8 {[%emt 0:06:36]} 11. Be3 {[%emt 0:01:33]} Bxe3 {[%emt 0:03:36]} 12. Rxe3 {[%emt 0:00:43]} Nd4 {[%emt 0:01:23]} 13. Nd5 {[%emt 0:06:21]} Nxd5 {[%emt 0:02:56]} 14. Bxd5 {[%emt 0:00:09]} c6 {[%emt 0:00:32]} 15. Ba2 {[%emt 0:00:24]} Nxf3+ {[%emt 0:00:19]} 16. Qxf3 {[%emt 0:03:01]} Be6 {[%emt 0:00:08]} 17. Bxe6 {[%emt 0:02:09]} Rxe6 {[%emt 0:00:06]} 18. Qe2 {[%emt 0:01:45]} Qb6 {[%emt 0:02:58]} 19. c3 {[%emt 0:07:49]} d5 {[%emt 0:02:35]} 20. exd5 {[%emt 0:28:21]} cxd5 {[%emt 0:00:20]} 21. c4 {[%emt 0:05:27]} d4 {[%emt 0:04:49]} 22. Rxe5 {[%emt 0:01:37]} Rxe5 {[%emt 0:00:21]} 23. Qxe5 {[%emt 0:00:05]} Qxb2 {[%emt 0:00:05]} 24. Re1 {[%emt 0:06:42]} Qxa3 {[%emt 0:04:15]} 25. Qxd4 {[%emt 0:00:09]} Qb4 {[%emt 0:00:20]} 26. Qa1 {[%emt 0:01:51]} Rd8 {[%emt 0:05:25]} 27. Rb1 {[%emt 0:01:31]} Qe7 {[%emt 0:00:28]} 28. d4 {[%emt 0:01:27]} Qe4 {[%emt 0:07:27]} 29. Rd1 {[%emt 0:02:26]} Qe2 {[%emt 0:03:09]} 30. Rc1 {[%emt 0:01:21]} Qe7 {[%emt 0:18:06]} 31. Qb2 {[%emt 0:01:54]} Qd7 {[%emt 0:02:37]} 32. d5 {[%emt 0:02:31]} b5 {[%emt 0:00:26]} 33. cxb5 {[%emt 0:00:47]} Qxb5 {[%emt 0:00:31]} 34. Qxb5 {[%emt 0:00:30]} axb5 {[%emt 0:00:05]} 35. Rc5 {[%emt 0:00:06]} b4 {[%emt 0:00:10]} 36. Rb5 {[%emt 0:00:08]} b3 {[%emt 0:00:05]} 37. Rxb3 {[%emt 0:00:05]} Rxd5 {[%emt 0:00:05]} 38. g3 {[%emt 0:00:08]} h5 {[%emt 0:00:06]} 39. h4 {[%emt 0:00:05]} g6 {[%emt 0:00:05]} 40. Kg2 {[%emt 0:00:00]} Kg7 {[%emt 0:00:00]} 41. Ra3 {[%emt 0:00:08]} 1/2-1/2

[Event "RUS-chT Premier 2019"]
[Site "Sochi"]
[Date "2019.05.05"]
[Round "5.16"]
[White "Yuffa, Daniil"]
[Black "Faizrakhmanov, Ramil"]
[Result "1-0"]
[WhiteElo "2595"]
[BlackElo "2438"]
[Annotator "TA"]
[PlyCount "65"]
[EventDate "2019.05.01"]
[EventType "team-tourn"]
[EventCountry "RUS"]
[SourceTitle "playchess.com"]
[Source "ChessBase"]
[SourceQuality "1"]

{[%evp 10,79,12,13,16,17,18,-7,-7,-12,-13,-33,-33,-14,-16,-16,-16,-16,-16,-16,0,0,0,0,0,0,0,0,0,0,0,0,6,0,109,104,105,99,92,102,116,16,17,0,4,8,70,-54,-66,-58,-51,-57,-33,-45,-1,-10,79,8,9,9,874,827,1940,1940,2347,2338,6235,6233,6070,5789,5581,5488]} 1. e4 c6 2. d4 d5 3. e5 Bf5 4. Nd2 e6 5. Nb3 Nd7 6. Nf3 c5 {B12: Caro-Kann: Advance Variation} 7. dxc5 Bxc5 8. Bb5 {And now Bxd7+ would win.} Bb6 {The position is equal.} 9. O-O $146 ({Predecessor:} 9. Nfd4 Ne7 10. Bg5 Bg6 11. Qe2 Qc7 12. Bxe7 Kxe7 13. Bxd7 Qxd7 {½-½ (30) Zhao,J (2583)-Ding,L (2660) Beijing 2012}) 9... Ne7 10. Bg5 O-O 11. c4 Be4 12. Nbd2 Bd3 13. Re1 h6 14. Bh4 g5 15. Bg3 Nf5 {White must now prevent ...Nc5.} 16. Bxd7 Qxd7 17. c5 $1 $36 {[%mdl 2048] Strongly threatening Nb3. Black is under pressure.} Bc7 (17... Bxc5 $6 18. Nb3 $16) 18. Nb3 Bc4 19. Nfd4 {Threatening Nxf5.} Bxb3 20. axb3 Nxg3 21. hxg3 f6 (21... Qe7 $1 $11) 22. exf6 $16 Rxf6 23. Qg4 a6 24. f4 ({Not} 24. Rxe6 $2 Be5 $1 $19 {[%mdl 512]}) (24. Nxe6 $2 Re8 $19) 24... Re8 {[#]} 25. Re2 (25. fxg5 $6 Rg6 $11) (25. Re3 $1 $16) 25... Qf7 $11 {[%cal Rc7f4]} 26. fxg5 hxg5 27. Nf3 e5 (27... Qg6 $11) 28. Nxg5 (28. Rd1 $14) 28... Qg7 $15 29. Rd1 Rg6 $1 {[%cal Rg6g5]} 30. Qh5 Rf8 31. Nf3 Rxg3 (31... Rh6 $5 {[%cal Rh6h5]} 32. Qg5 Qxg5 33. Nxg5 Rg6 $15) 32. Rf1 d4 {[#]} (32... Qf7 $11 {keeps the balance.} 33. Qxf7+ Rxf7 34. Nxe5 Re7) 33. Nd2 {Played: Nf3xd4} 1-0

[Event "RUS-chT Premier 2019"]
[Site "Sochi"]
[Date "2019.05.05"]
[Round "5.17"]
[White "Makhmutov, Rail"]
[Black "Antipov, Mikhail Al."]
[Result "1/2-1/2"]
[WhiteElo "2390"]
[BlackElo "2595"]
[Annotator "RC"]
[PlyCount "80"]
[EventDate "2019.05.01"]
[EventType "team-tourn"]
[EventCountry "RUS"]
[SourceTitle "playchess.com"]
[Source "ChessBase"]
[SourceQuality "1"]
[TimeControl "40/5400+30:1800+30"]

1. d4 {[%emt 0:00:00]} Nf6 {[%emt 0:00:00]} 2. c4 {[%emt 0:00:00]} e6 {[%emt 0:00:00]} 3. Nc3 {[%emt 0:00:19]} Bb4 {[%emt 0:00:00]} 4. Qc2 {[%emt 0:00:24]} O-O {[%emt 0:00:00]} 5. Nf3 {[%emt 0:01:03]} d5 {[%emt 0:02:32]} 6. a3 {[%emt 0:05:44]} Be7 {[%emt 0:02:23]} 7. Bg5 {[%emt 0:14:25]} h6 {[%emt 0:04:30]} 8. Bh4 {[%emt 0:00:19]} b6 {[%emt 0:00:38]} 9. cxd5 {[%emt 0:07:42]} exd5 {[%emt 0:05:21]} 10. e3 {[%emt 0:00:20]} Bb7 {[%emt 0:00:14]} 11. Bd3 {[%emt 0:07:34]} Re8 {[%emt 0:21:29]} 12. O-O {[%emt 0:02:39]} Ne4 {[%emt 0:11:29]} 13. Bxe7 {[%emt 0:02:25]} Qxe7 {[%emt 0:04:16]} 14. b4 {[%emt 0:07:05]} a6 {[%emt 0:04:25]} 15. Qb3 {[%emt 0:09:02]} Nd6 {[%emt 0:06:47]} 16. a4 {[%emt 0:03:20]} c6 {[%emt 0:05:13]} 17. a5 {[%emt 0:06:41]} b5 {[%emt 0:00:28]} 18. Rfe1 {[%emt 0:02:09]} Nd7 {[%emt 0:00:49]} 19. e4 {[%emt 0:06:03]} dxe4 {[%emt 0:00:29]} 20. Nxe4 {[%emt 0:00:19]} Nxe4 {[%emt 0:00:06]} 21. Bxe4 {[%emt 0:00:43]} Qf6 {[%emt 0:03:50]} 22. Bc2 {[%emt 0:05:55]} Rad8 {[%emt 0:03:47]} 23. h3 {[%emt 0:03:50]} Nf8 {[%emt 0:01:24]} 24. Re3 {[%emt 0:01:34]} Rxe3 {[%emt 0:13:48]} 25. Qxe3 {[%emt 0:00:35]} c5 {[%emt 0:00:20]} 26. bxc5 {[%emt 0:03:10]} Bxf3 {[%emt 0:00:05]} 27. Qxf3 {[%emt 0:00:11]} Qxf3 {[%emt 0:00:05]} 28. gxf3 {[%emt 0:00:05]} Rxd4 {[%emt 0:00:04]} 29. Bf5 {[%emt 0:04:16]} Rd8 {[%emt 0:07:56]} 30. c6 {[%emt 0:02:22]} Ne6 {[%emt 0:00:08]} 31. Bxe6 {[%emt 0:00:36]} fxe6 {[%emt 0:00:04]} 32. Rc1 {[%emt 0:00:41]} Rc8 {[%emt 0:00:04]} 33. c7 {[%emt 0:00:40]} b4 {[%emt 0:00:03]} 34. Rc6 {[%emt 0:00:47]} b3 {[%emt 0:00:11]} 35. Rxa6 {[%emt 0:00:39]} Rxc7 {[%emt 0:00:03]} 36. Rb6 {[%emt 0:00:14]} Ra7 {[%emt 0:00:03]} 37. a6 {[%emt 0:01:18]} b2 {[%emt 0:00:04]} 38. Kg2 {[%emt 0:00:09]} Rxa6 {[%emt 0:00:10]} 39. Rxb2 {[%emt 0:00:06]} Kf7 {[%emt 0:00:03]} 40. Rb4 {[%emt 0:00:00]} Ra5 {[%emt 0:00:00]} 1/2-1/2

[Event "RUS-chT Premier 2019"]
[Site "Sochi"]
[Date "2019.05.05"]
[Round "5.18"]
[White "Kryakvin, Dmitry"]
[Black "Toropov, Pavel"]
[Result "1-0"]
[WhiteElo "2588"]
[BlackElo "2327"]
[Annotator "ChessBase"]
[PlyCount "113"]
[EventDate "2019.05.01"]
[EventType "team-tourn"]
[EventCountry "RUS"]
[SourceTitle "playchess.com"]
[Source "ChessBase"]
[SourceQuality "1"]
[TimeControl "40/5400+30:1800+30"]

1. c4 {[%emt 0:00:00]} c6 {[%emt 0:00:00]} 2. Nf3 {[%emt 0:00:00]} d5 {[%emt 0:00:00]} 3. e3 {[%emt 0:00:00]} Nf6 {[%emt 0:00:00]} 4. Nc3 {[%emt 0:00:05]} a6 {[%emt 0:00:00]} 5. d4 {[%emt 0:00:08]} b5 {[%emt 0:01:26]} 6. b3 {[%emt 0:00:17]} Bg4 {[%emt 0:00:06]} 7. Qd2 {[%emt 0:00:39]} Nbd7 {[%emt 0:08:57]} 8. Ne5 {[%emt 0:05:04]} Nxe5 {[%emt 0:37:55]} 9. dxe5 {[%emt 0:00:13]} Nd7 {[%emt 0:00:03]} 10. cxd5 {[%emt 0:02:52]} cxd5 {[%emt 0:00:05]} 11. Qxd5 {[%emt 0:02:13]} e6 {[%emt 0:08:13]} 12. Qd4 {[%emt 0:01:34]} Bh5 {[%emt 0:00:28]} 13. Be2 {[%emt 0:20:29]} Bc5 {[%emt 0:01:01]} 14. Qf4 {[%emt 0:13:39]} g5 {[%emt 0:13:48]} 15. Qg3 {[%emt 0:01:02]} Bb4 {[%emt 0:03:11]} 16. e4 {[%emt 0:05:13]} Rc8 {[%emt 0:17:30]} 17. Bd2 {[%emt 0:01:07]} Nc5 {[%emt 0:02:45]} 18. Qe3 {[%emt 0:03:58]} Bxe2 {[%emt 0:01:05]} 19. Kxe2 {[%emt 0:00:09]} Bxc3 {[%emt 0:00:25]} 20. Bxc3 {[%emt 0:00:12]} Nxe4 {[%emt 0:00:18]} 21. Qxe4 {[%emt 0:00:27]} Rxc3 {[%emt 0:00:03]} 22. Rad1 {[%emt 0:01:10]} Qc7 {[%emt 0:02:48]} 23. h4 {[%emt 0:05:40]} g4 {[%emt 0:00:27]} 24. Rhe1 {[%emt 0:02:30]} g3 {[%emt 0:00:49]} 25. Qa8+ {[%emt 0:03:12]} Qc8 {[%emt 0:00:13]} 26. Qxc8+ {[%emt 0:00:06]} Rxc8 {[%emt 0:00:01]} 27. Rc1 {[%emt 0:00:21]} Rd8 {[%emt 0:01:21]} 28. fxg3 {[%emt 0:00:29]} Rg8 {[%emt 0:00:01]} 29. Rc3 {[%emt 0:00:19]} Rg4 {[%emt 0:00:15]} 30. Kf3 {[%emt 0:02:54]} h5 {[%emt 0:00:28]} 31. Rec1 {[%emt 0:04:35]} Rgd4 {[%emt 0:00:34]} 32. R1c2 {[%emt 0:03:36]} R8d7 {[%emt 0:00:08]} 33. Rc8+ {[%emt 0:02:04]} Ke7 {[%emt 0:00:01]} 34. R8c7 {[%emt 0:00:09]} Rd3+ {[%emt 0:00:12]} 35. Kf4 {[%emt 0:01:19]} R3d4+ {[%emt 0:00:10]} 36. Kg5 {[%emt 0:00:46]} Rg4+ {[%emt 0:00:09]} 37. Kxh5 {[%emt 0:00:06]} Rxg3 {[%emt 0:00:05]} 38. Rxd7+ {[%emt 0:01:25]} Kxd7 {[%emt 0:00:00]} 39. Kh6 {[%emt 0:00:14]} Ke7 {[%emt 0:03:46]} 40. h5 {[%emt 0:00:00]} a5 {[%emt 0:00:00]} 41. Rc7+ {[%emt 0:10:08]} Kf8 {[%emt 0:00:20]} 42. Ra7 {[%emt 0:00:34]} a4 {[%emt 0:05:36]} 43. bxa4 {[%emt 0:00:38]} bxa4 {[%emt 0:00:10]} 44. Rxa4 {[%emt 0:02:13]} Rxg2 {[%emt 0:00:03]} 45. Ra8+ {[%emt 0:01:21]} Ke7 {[%emt 0:00:06]} 46. Ra7+ {[%emt 0:00:05]} Kf8 {[%emt 0:00:10]} 47. a4 {[%emt 0:00:10]} Re2 {[%emt 0:04:24]} 48. Ra5 {[%emt 0:00:12]} Re4 {[%emt 0:23:30]} 49. Kh7 {[%emt 0:02:06]} Rg4 {[%emt 0:00:48]} 50. h6 {[%emt 0:00:32]} Re4 {[%emt 0:00:21]} 51. Kh8 {[%emt 0:01:06]} Rg4 {[%emt 0:00:41]} 52. Ra8+ {[%emt 0:02:01]} Ke7 {[%emt 0:00:01]} 53. a5 {[%emt 0:00:22]} Rg6 {[%emt 0:00:32]} 54. h7 {[%emt 0:00:38]} Rg1 {[%emt 0:00:14]} 55. a6 {[%emt 0:00:24]} Ra1 {[%emt 0:00:57]} 56. a7 {[%emt 0:00:59]} Ra2 {[%emt 0:00:18]} 57. Rb8 {[%emt 0:00:41]} 1-0

[Event "RUS-chT Premier 2019"]
[Site "Sochi"]
[Date "2019.05.05"]
[Round "5.19"]
[White "Bocharov, Ivan"]
[Black "Dominguez Perez, Leinier"]
[Result "1/2-1/2"]
[WhiteElo "2568"]
[BlackElo "2750"]
[Annotator "TA"]
[PlyCount "138"]
[EventDate "2019.05.01"]
[EventType "team-tourn"]
[EventCountry "RUS"]
[SourceTitle "playchess.com"]
[Source "ChessBase"]
[SourceQuality "1"]

{[%evp 15,138,27,22,28,26,22,31,21,20,15,19,27,30,8,9,12,23,22,16,17,20,0,9,0,-2,-39,-45,-41,63,74,83,37,110,0,55,64,46,0,0,0,4,0,0,19,12,11,12,16,47,31,74,0,0,0,0,0,50,-31,-45,-27,8,8,8,8,8,8,8,8,8,5,8,0,0,0,0,0,0,0,0,0,0,0,13,8,10,0,19,0,0,0,0,0,0,0,0,0,0,0,0,0,0,0,0,0,0,0,0,0,0,0,0,0,0,0,0,0,0,0,0,0,0,0,0,0,0]} 1. e4 c5 2. Nf3 d6 3. d4 cxd4 4. Nxd4 Nf6 5. Nc3 a6 6. f3 e5 7. Nb3 Be6 8. Be3 h5 9. Nd5 {B90: Sicilian Najdorf: Unusual White 6th moves, 6 Be3 Ng4 and 6 Be3 e5} Bxd5 10. exd5 Nbd7 11. Qd2 {White is slightly better.} g6 12. Be2 Bg7 13. O-O b6 14. c4 O-O 15. Rae1 {[#]} Rc8 $146 ({Predecessor:} 15... Re8 16. Kh1 {½-½ (41) Zhak,B (2605)-Bock,S (2545) ICCF email 2015}) 16. Kh1 Re8 17. Qd1 a5 18. Bg5 Qc7 19. Nd2 e4 20. Nb1 exf3 21. gxf3 {[#]} Ne5 ({Black should try} 21... b5 $1 $15 {[%mdl 512]}) 22. Na3 $14 Qd7 23. Rg1 Qf5 {[#]} (23... b5 $14) 24. Qb1 (24. Ref1 $1 $16) 24... Qh3 ({Black should play} 24... Qxb1 $1 $11 25. Rxb1 Nc6) 25. Rg3 Qd7 26. Bf1 {Threatening Bh3.} Nh7 27. Bh3 Ng4 $132 {[%mdl 2048] Hoping for ...Nf2+. Black is not keeping still} 28. Be3 $1 Rxe3 {[%mdl 64] Remove Defender} 29. Rxe3 {[%mdl 64] Pin} Nf2+ {[%mdl 64] Double Attack, Discovered Attack} 30. Kg2 Nxh3 31. Rxh3 Bh6 32. Re2 Bf4 33. Rh4 (33. b3 $16) 33... Qd8 $1 $11 {[%cal Rd8h4]} 34. Qe1 Qg5+ 35. Kh1 Nf6 36. Rxf4 ({Better is} 36. b3 $14) 36... Qxf4 $15 37. Qg3 Qxg3 (37... Qf5 {looks sharper.} 38. Kg2 b5 39. Qxd6 h4 40. Qe5 Qxe5 41. Rxe5 b4) 38. hxg3 $11 {[%mdl 4096] Endgame KRN-KRN. The position is equal.} Kf8 39. Kg2 Re8 40. Rxe8+ (40. Rd2 {is interesting.} Re1 41. b3 Ke7 42. Nc2 Rb1 43. Nd4) 40... Kxe8 {KN-KN} 41. Nb5 Ke7 42. b3 Nd7 43. Kf2 a4 44. Ke3 axb3 45. axb3 Nc5 46. Nd4 Kf6 47. Nb5 Ke7 48. Nd4 Nd7 49. Nc6+ Ke8 $1 50. Na7 {next Nc8 is good for White.} Kd8 51. Nb5 Ke7 52. Na7 {With the idea Nc8+.} Nc5 53. Nc8+ Kd7 54. Nxb6+ Kc7 55. Na4 $1 {[%cal Ra4c5] And now Nxc5 would win.} Nxb3 56. Nc3 Nc5 57. Nb5+ Kd7 58. Nd4 Ke7 59. Nc6+ Kf6 60. Na7 Ke7 61. Nc6+ Kd7 62. Nd4 Nb7 63. f4 Nc5 64. Nf3 Ke7 65. Kd4 f6 66. Ke3 Kf7 67. Kd4 Ke7 68. Ke3 $1 Kf7 69. Kd4 Ke7 {Accuracy: White = 58%, Black = 66%.} 1/2-1/2